| 000 | 00651nam a2200217 i 4500 | ||
|---|---|---|---|
| 001 | 56264 | ||
| 003 | ES-MaACL | ||
| 005 | 20230906163323.0 | ||
| 007 | t| | ||
| 008 | 031007s1974 sp a d ||||1| spa d | ||
| 020 | _a84-239-4710-6 | ||
| 080 | _a(031) | ||
| 245 | 0 | 0 |
_aDiccionario enciclopédico abreviado _b: versiones de la mayoría de las voces en francés, inglés, italiano y alemán y sus etimologías. |
| 250 | _a7ª ed. | ||
| 260 |
_aMadrid : _bEspasa-Calpe, _c1974. |
||
| 300 |
_a2 v. : _bil. ; _c26 cm. |
||
| 505 | 8 | _aContiene: v. 1-2 | |
| 650 |
_aEnciclopedias. _912235 |
||
| 710 | 2 |
_aEspasa Calpe. _94008 |
|
| 852 |
_aES-MaACL _jP-683 |
||
| 999 |
_c56264 _d56264 |
||